La colombianización de la banca / (Registro nro. 8154)
[ vista simple ]
| 000 -LEADER | |
|---|---|
| fixed length control field | 00947nam a2200241Ia 4500 |
| 003 - CONTROL NUMBER IDENTIFIER | |
| control field | OSt |
| 005 - DATE AND TIME OF LATEST TRANSACTION | |
| control field | 20210722115916.0 |
| 008 - FIXED-LENGTH DATA ELEMENTS--GENERAL INFORMATION | |
| fixed length control field | 210310q1976 ck gr 000 0 spa d |
| 040 ## - CATALOGING SOURCE | |
| Original cataloging agency | CO-JMCR |
| Transcribing agency | CO-JMCR |
| 041 0# - LANGUAGE CODE | |
| Language code of text/sound track or separate title | spa |
| 082 04 - DEWEY DECIMAL CLASSIFICATION NUMBER | |
| Classification number | 346.861082 / |
| Item number | A837c |
| Edition number | 23 |
| 110 2# - MAIN ENTRY--CORPORATE NAME | |
| Corporate name or jurisdiction name as entry element | Asociación Nacional de Instituciones Financieras |
| 9 (RLIN) | 960 |
| 245 13 - TITLE STATEMENT | |
| Title | La colombianización de la banca / |
| Statement of responsibility, etc. | Asociación Nacional de Instituciones Financieras ; [prólogo, Alfonso López Michelsen] |
| 260 ## - PUBLICATION, DISTRIBUTION, ETC. | |
| Place of publication, distribution, etc. | Bogotá : |
| Name of publisher, distributor, etc. | Tercer Mundo, |
| Date of publication, distribution, etc. | 1976 impresión |
| 300 ## - PHYSICAL DESCRIPTION | |
| Extent | 367 páginas ; |
| Dimensions | 22 cm. |
| 490 0# - SERIES STATEMENT | |
| Series statement | Biblioteca ANIF de Economía ; |
| Volume/sequential designation | No. 9 |
| 505 0# - FORMATTED CONTENTS NOTE | |
| Formatted contents note | Orígenes de la Ley -- Ley de colombianización -- Constitucionalidad de la Ley |
| 650 14 - SUBJECT ADDED ENTRY--TOPICAL TERM | |
| Topical term or geographic name entry element | Bancos |
| 9 (RLIN) | 16482 |
| General subdivision | Nacionalización |
| Geographic subdivision | Colombia |
| 650 24 - SUBJECT ADDED ENTRY--TOPICAL TERM | |
| Topical term or geographic name entry element | Bancos |
| Geographic subdivision | Colombia |
| 9 (RLIN) | 8156 |
| 650 24 - SUBJECT ADDED ENTRY--TOPICAL TERM | |
| Topical term or geographic name entry element | Sistema financiero |
| Geographic subdivision | Colombia |
| 9 (RLIN) | 9003 |
| 700 1# - ADDED ENTRY--PERSONAL NAME | |
| Personal name | López Michelsen, Alfonso, |
| Relator term | prologuista |
| 9 (RLIN) | 12322 |
| 942 ## - ADDED ENTRY ELEMENTS (KOHA) | |
| Source of classification or shelving scheme | Dewey Decimal Classification |
| Koha item type | Books |
| Withdrawn status | Lost status | Source of classification or shelving scheme | Damaged status | Not for loan | Collection code | Home library | Current library | Date acquired | Source of acquisition | Full call number | Barcode | Date last seen | Copy number | Koha item type |
|---|---|---|---|---|---|---|---|---|---|---|---|---|---|---|
| Dewey Decimal Classification | Non-fiction | Biblioteca Pública José María del Castillo y Rada | Biblioteca Pública José María del Castillo y Rada | 04/15/2018 | Donación | 346.861082 / A837c | 430005032 | 05/16/2024 | Ej.1 | Books |